000 00268nmm a2200085Ia 4500
008 220120s9999||||xx |||||||||||||||||und||
100 _aOpen source for you
245 0 _aFirewalls; PF sense vyos, q4 os2.7, 3 ac Box 5.2
260 _aCoorg Institute of Technology
_bAustralia
999 _c140094
_d140094